'A' Game Quiz Stats

 Plays Quiz Updated May 29, 2019

Score 0/47 Timer 10:00
25 Plays Today
Thing % Correct
Alabama
89.3%
Alaska
82.7%
Arkansas
82%
Arizona
77.2%
Australia
71.8%
John Adams
67.5%
John Quincy Adams
67.5%
Oakland Athletics
67.1%
Argentina
64.6%
Austria
63.4%
Argon
60.4%
Albania
59.5%
Athens
59.4%
Atlanta
55.1%
Algeria
54.4%
Afghanistan
52.1%
Aluminum
49.9%
Armenia
46.3%
Apple
46.2%
Angola
45.6%
Andorra
42.6%
Azerbaijan
41.7%
Los Angeles Angels
39.3%
Aries
36.5%
Thing % Correct
Chester A. Arthur
33.5%
Houston Astros
31.9%
Arsenic
29%
Colorado Avalanche
28.7%
Antigua and Barbuda
25.1%
Amsterdam
22.5%
As You Like It
22.4%
Aquarius
20.9%
Americium
19.7%
All's Well That Ends Well
19.4%
Andromeda
18.1%
Ara
18%
Antimony
17.7%
Antony and Cleopatra
17.1%
Astatine
14.7%
Actinium
14.3%
Antwerp
13.5%
American Express
13.2%
Albertville
11%
Aquila
6.7%
Apus
5.9%
Auriga
5.5%
Antlia
5.2%

You're not logged in!

Compare scores with friends on all Sporcle quizzes.
OR
Log In

Sporcle TV

Today on Sporcle TV


Watch our educational content, quiz creation guides, and fun videos on Sporcle TV.

Show Comments

Extras

Top Quizzes Today


Score Distribution

Your Account Isn't Verified!

In order to create a playlist on Sporcle, you need to verify the email address you used during registration. Go to your Sporcle Settings to finish the process.

Report this User

Report this user for behavior that violates our Community Guidelines.

Details: